Beşiktaş JK Squad 2024-2025 - Statistics

General Stats
  • This quiz has been taken 415 times
    201 since last reset
  • The average score is 24 of 37
Answer Stats
# Position Nation Player % Correct
2 DF Norway Jonas Svensson
93%
17 FW Italy Ciro Immobile
92%
27 FW Portugal Rafa
92%
3 DF Brazil Gabriel Paulista
90%
34 GK Turkey Mert Günok
90%
26 DF DR Congo Arthur Masuaku
84%
7 FW Kosovo Milot Rashica
83%
53 DF Turkey Emirhan Topçu
82%
23 MF Albania Ernest Muçi
82%
9 FW Turkey Semih Kılıçsoy
82%
30 GK Turkey Ersin Destanoğlu
80%
83 MF Portugal Gedson Fernandes
78%
6 MF Libya Moatasem Al-Musrati
77%
18 MF Portugal João Mário
73%
8 MF Turkey Salih Uçan
71%
15 MF England Alex Oxlade-Chamberlain
70%
91 FW Turkey Mustafa Hekimoğlu
69%
10 FW Ecuador Keny Arroyo
68%
20 DF Turkey Necip Uysal
65%
14 DF Germany Felix Uduokhai
60%
4 DF Turkey Onur Bulut
60%
19 FW Turkey Arda Kılıç
59%
22 MF Kazakhstan Baktiyar Zaynutdinov
59%
5 DF Turkey Tayyip Talha Sanuç
59%
77 MF Colombia Élan Ricardo
58%
6 MF Bosnia and Herzegovina Amir Hadžiahmetović
57%
73 MF Italy Cher Ndour
56%
71 MF Cameroon Jean Onana
54%
- Coach Norway Ole Gunnar Solskjær
52%
- Coach Netherlands Giovanni van Bronckhorst
49%
79 DF Turkey Emrecan Terzi
48%
- Coach Turkey Serdar Topraktepe
44%
77 FW Austria Can Keleş
42%
96 GK Turkey Emir Yaşar
32%
94 GK Turkey Göktuğ Baytekin
31%
44 MF Turkey Fahri Ay
23%
93 DF Turkey Arda Berk Özüarap
17%
No matching quizzes found
Score Distribution
Percent of People with Each Score
Percentile by Number Answered
Your Score History
You have not taken this quiz since the last reset